00756nam a22002057a 450000500170000001000150001702000260003203500140005803700090007208200110008110000260009224500370011825000060015526000500016127001200021130000200033194200220035199900190037395201580039220250610150050.0 aENG-145242 c175.00a9789385311017 aEN-128774 bDBAD a61321 aSardesai, H.V.981849 aPrimer of Health/cH.V. Sardesai a1 aMumbaibSoniya Khare Inking Innovationsc2015 aGround Floor, India rinting House 42, G.D. Ambedkar MArg, WadalabMumbaie400031mipwsoniya@gmail.comk022-24186233 a123p.c21cm(pb) 2ddccENh613mSAR c211706d211706 001040708NFICaRC3SPbRC3SPd2025-06-10eDelivery of Books Act Divisiong175.00l0o613 SARpEN-128774r2025-06-10 00:00:00t1v175.00w2025-06-10yEN